Hát trong đám cưới người Tày vùng Văn Lãng, Lạng Sơn
Giới thiệu 100 bài thơ tiếng Tày lời cổ hát trong đám cưới người Tày được dịch ra tiếng Việt nhằm giữ gìn bản sắc văn hoá các dân tộc Việt Nam
Đã lưu trong:
| 主要作者: | |
|---|---|
| 格式: | 图书 |
| 语言: | Vietnamese |
| 出版: |
H.
Hội nhà văn
2016
|
| 主题: | |
| 标签: |
添加标签
没有标签, 成为第一个标记此记录!
|
| Thư viện lưu trữ: | Mạng thư viện Đại học Đà Nẵng |
|---|
| LEADER | 01444nam a2200361 4500 | ||
|---|---|---|---|
| 001 | 000024935 | ||
| 003 | 21426 | ||
| 005 | 20170323160321.0 | ||
| 008 | 170322s2016 viesd | ||
| 041 | 0 | |a vie | |
| 082 | 1 | 4 | |a 394.220959711 |b HO-C |
| 100 | 1 | |a Hoàng Chóong | |
| 245 | 1 | 0 | |a Hát trong đám cưới người Tày vùng Văn Lãng, Lạng Sơn |c Hoàng Chóong |
| 260 | |a H. |b Hội nhà văn |c 2016 | ||
| 300 | |a 283 tr. |c 21 cm. | ||
| 500 | |a ĐTTS ghi: Hội Văn nghệ dân gian Việt Nam | ||
| 520 | 3 | |a Giới thiệu 100 bài thơ tiếng Tày lời cổ hát trong đám cưới người Tày được dịch ra tiếng Việt nhằm giữ gìn bản sắc văn hoá các dân tộc Việt Nam | |
| 650 | 0 | 4 | |a Văn hóa dân gian |x Đám cưới |x Người Tày |z Việt Nam (Lạng Sơn) |
| 653 | |a Dân tộc Tày | ||
| 653 | |a Văn hóa dân gian | ||
| 653 | |a Lạng Sơn | ||
| 653 | |a Hát đám cưới | ||
| 653 | |a Phong tục cưới hỏi | ||
| OWN | |a LSP | ||
| AVA | |a UDN50 |b LSP |d 394.220959711 HO-C |e available |t Error 5001 Not defined in file expand_doc_bib_avail. |f 1 |g 0 |h N |i 0 |k 1 | ||
| 999 | |a From the UDN01 | ||
| AVA | |a UDN50 |b LSP |d 394.220959711 HO-C |e available |t Error 5001 Not defined in file expand_doc_bib_avail. |f 1 |g 0 |h N |i 0 |k 1 | ||
| TYP | |a Monograph | ||
| TYP | |a Printed language | ||
| 980 | |a Mạng thư viện Đại học Đà Nẵng | ||